The matrix : charting an ethics of inheritable genetic modification /

Bibliographic Details
Main Author: Coors, Marilyn E., 1947-
Format: Book
Language:English
Published: Lanham, Md. : Rowman & Littlefield, [2003]
Subjects:

MARC

Tag First Indicator Second Indicator Subfields
LEADER 00000cam a22000004a 4500
001 in00001729068
005 20151024204921.0
008 020404s2003 mdu b 001 0 eng
010 |a  2002005245 
020 |a 0742514005 (cloth : alk. paper) 
020 |a 0742514013 (pbk. : alk. paper) 
035 |a (OCoLC)ocm49558768 
040 |a DLC  |c DLC  |d OCLCQ  |d C#P  |d TXA  |d UtOrBLW 
042 |a pcc 
049 |a TXAM 
050 0 0 |a QH438.7  |b .C665 2003 
082 0 0 |a 174/.966  |2 21 
100 1 |a Coors, Marilyn E.,  |d 1947- 
245 1 4 |a The matrix :  |b charting an ethics of inheritable genetic modification /  |c Marilyn E. Coors. 
264 1 |a Lanham, Md. :  |b Rowman & Littlefield,  |c [2003] 
264 4 |c ©2003 
300 |a x, 161 pages ;  |c 23 cm. 
336 |a text  |b txt  |2 rdacontent 
337 |a unmediated  |b n  |2 rdamedia 
338 |a volume  |b nc  |2 rdacarrier 
504 |a Includes bibliographical references (pages 147-152) and index. 
650 0 |a Genetic engineering  |x Moral and ethical aspects. 
650 0 |a Biotechnology  |x Moral and ethical aspects. 
994 |a E0  |b TXA 
948 |a cataloged  |b h  |c 2003/2/11  |d c  |e bwalker  |f 1:17:56 pm 
999 |a MARS 
999 f f |s a056a2bf-8ea2-3e5c-be4f-f21cba497c9c  |i 5273751f-9c85-38d8-a339-5ea8c914d3d3  |t 0 
952 f f |p ric  |a Texas A&M University  |b Rellis Campus  |c Joint Library Facility  |d Remote Storage  |t 0  |e QH438.7 .C665 2003  |h Library of Congress classification  |i unmediated -- volume  |m A14829811394 
998 f f |a QH438.7 .C665 2003  |t 0  |l Remote Storage